ATP Men's Tennis 2019 - Top player by country - Statistics

General Stats
  • This quiz has been taken 71 times
  • The average score is 22 of 30
Answer Stats
Rank Country Player % Correct
1 Spain Rafael Nadal
98%
2 Serbia Novak Djokovic
97%
3 Switzerland Roger Federer
97%
7 Germany Alexander Zverev
94%
4 Austria Dominic Thiem
94%
20 Bulgaria Grigor Dimitrov
92%
13 Japan Kei Nishikori
90%
6 Greece Stefanos Tsitsipas
90%
5 Russia Daniil Medvedev
89%
10 France Gael Monfils
86%
11 Belgium David Goffin
83%
15 Canada Denis Shapovalov
83%
14 Argentina Diego Schwartzman
78%
19 United States John Isner
76%
18 Australia Alex de Minaur
75%
54 Norway Casper Ruud
73%
8 Italy Matteo Berrettini
73%
28 Croatia Borna Coric
70%
26 Georgia Nikoloz Basilashvili
70%
42 United Kingdom Daniel Evans
68%
37 Poland Hubert Hurkacz
67%
33 Chile Cristian Garin
60%
74 Sweden Mikael Ymer
60%
45 Uruguay Pablo Cuevas
60%
56 Kazakhstan Alexander Bublik
59%
60 Portugal Joao Sousa
59%
46 Moldova Radu Albot
56%
70 Hungary Marton Fucsovics
49%
66 Lithuania Ricardas Berankis
46%
58 Slovenia Aljaz Bedene
40%
No matching quizzes found
Score Distribution
Percent of People with Each Score
Percentile by Number Answered
Your Score History
You have not taken this quiz